000 00638nam a22002297a 4500
003 UA-OsUOA
001 21208
007 ta
008 20031124b un ||||| |||| 00| 0 ukr d
090 _a94(477)
_bП11
942 _cBK
040 _aUA-OsUOA
_bukr
_cUA-OsUOA
_dUA-OsUOA
245 _aПізнайте своє минуле
_cРед. М.Харкевич, ДокторСост. М.Харкевич, Доктор
300 _a57 с.
955 _a0
041 _aukr
080 _a94(477)
260 _aЧікаго
_bУкраїнська вечірня трибуна
_c1997
044 _aUS
650 7 _2UDC
999 _c307401
_d307401